000 01436cam a22003134a 4500
001 15750241
003 OSt
005 20170105102900.0
008 090526s2010 enk b 001 0 eng
010 _a 2009021756
020 _a9780415777742 (hardback : alk. paper)
020 _a9780415777759 (pbk. : alk. paper)
040 _aDLC
_cDLC
_dDLC
043 _aa------
050 0 0 _aDS35.2
_b.N32 2010
082 0 0 _a327.5
_222
_bNAD 2010
100 1 _aNadkarni, Vidya.
245 1 0 _aStrategic partnerships in Asia :
_bbalancing without alliances /
_cVidya Nadkarni.
260 _aLondon ;
_aNew York :
_bRoutledge,
_cc2010.
300 _a255 p. ;
_c24 cm.
504 _aIncludes bibliographical references (p. [224]-251) and index.
505 0 _aUnipolarity and its implications for Asian/Eurasian security -- Strategic partnerships in Asia and Eurasia -- The Sino-Russian partnership -- The Indo-Russian partnership -- The Sino-Indian partnership -- Geopolitics and geoeconomics : will competition derail cooperation? -- Prospects for multilateralism in Asia/Eurasia -- What does the future hold?.
651 0 _aAsia
_xForeign relations.
651 0 _aAsia
_xPolitics and government
_y1945-
651 0 _aAsia
_xStrategic aspects.
906 _a7
_bcbc
_corignew
_d1
_eecip
_f20
_gy-gencatlg
942 _2ddc
_cBK
999 _c14631
_d14631